000 00217nam a22000857a 4500
008 161114b xxu||||| |||| 00| 0 eng d
100 _91190
_aMalhotra.S.
245 _aPrimary Mathematics-B
260 _aNew Delhi
_bFrank
_c2012
999 _c3875
_d3875